| 000 | 00417cam a2200181ua 4500 | ||
|---|---|---|---|
| 020 | _cRs.5.00 | ||
| 041 |
_amal _h |
||
| 082 |
_a200 _bKRI/BR |
||
| 100 | _aKrishna warrier, A G . | ||
| 245 | _aBramasuthra sankarabhasya | ||
| 250 |
_a1 / _b. |
||
| 260 |
_aTrivandrum : _bThe university of kerala , _c1965. |
||
| 300 | _a349 ; . | ||
| 365 | _aRs.5.00 | ||
| 504 | _a | ||
| 942 | _cBK | ||
| 999 |
_c219 _d219 |
||